006450000a22001690004500090001300000245012900013044001300142041001400155690003100169690003300200690002300233700005000256100003400306942001300340773010500353999001700458 aSERIADAS10aSituación de los invertebrados acuáticos introducidos y transplantados en Colombiasantecedentes, efectos y perspectivas aColombia0 aEspañol aEspecies exóticas993187 aEspecies introducidas996386 aAcuicultura9942011 aGutiérrez Bonilla, Francisco de Paula951671 aAlvarez León, Ricardo91884 cARTICULO1 tRevista de la Academia Colombiana de Ciencias Exactas, Físicas y Naturalesh121q557-574d2007g31 c16342d16342